Preces para pedir el reinado del sagrado corazón de Jesús en México

Guardado en:
Bibliografiske detaljer
Format: Bog
Udgivelse:8a edición
Fag:
Tags: Tilføj Tag
Ingen Tags, Vær først til at tagge denne postø!

MARC

LEADER 00000nam^a2200000^u^4500
001 000546298
005 20250521000000.0
008 060220s1000^^^^^^^^^^^^r^^^^^000^0^spa^d
009 20260310131406.796
035 |a FMI 000015877 
037 |a Acervo Xavier Clavigero 
096 |a 5.1.1/6/E 
245 0 0 |a Preces para pedir el reinado del sagrado corazón de Jesús en México 
250 |a 8a edición 
264 |a Queretaro, Qro : La Ideal, 1951 
300 |a 30 p. 
336 |a texto  |b txt  |2 rdacontenido 
337 |a sin mediación  |b n  |2 rdamedio 
338 |a volumen  |b nc  |2 rdasoporte 
649 |a XX 
650 |a SAGRADO CORAZON 
910 |a Fondo Francisco Migoya Covarrubias S.J. 
920 |a Impresos - Libros 
930 |a Fondos Especiales 
905 |a 134 
901 |a SBC23759  |b IT2  |c ESP  |u 20250521 
902 |a https://opac.biblio.iteso.mx/vufind/Record/000546298